[Event "?"]
[Site "?"]
[Date "????.??.??"]
[Round "?"]
[White "Woeber, F."]
[Black "Thornton, J."]
[Result "1/2-1/2"]
[WhiteElo "2185"]
[BlackElo "2097"]
[Annotator "055"]
[PlyCount "31"]
[EventDate "2010.??.??"]
[WhiteTeam "Salzburg"]
[BlackTeam "Wales"]
[BlackTeamCountry "WLS"]

1. e4 e6 2. d4 d5 3. Nc3 Bb4 4. e5 c5 5. Qg4 Ne7 6. dxc5 Bxc3+ 7. bxc3 Ng6 8.
Nf3 Qc7 9. Bd3 Nd7 10. Be3 Ndxe5 11. Nxe5 Qxe5 12. O-O O-O 13. Bxg6 hxg6 14.
Bd4 Qf5 15. Qxf5 gxf5 16. f4 1/2-1/2

[Event "?"]
[Site "?"]
[Date "????.??.??"]
[Round "?"]
[White "Pritchett, C."]
[Black "Gunnarsson, G."]
[Result "1-0"]
[WhiteElo "2366"]
[BlackElo "2231"]
[Annotator "057"]
[PlyCount "113"]
[EventDate "2010.??.??"]
[WhiteTeam "Schottland 1"]
[BlackTeam "KR Reykjavik"]

1. Nf3 Nf6 2. c4 e6 3. g3 d5 4. Bg2 c6 5. b3 Nbd7 6. Bb2 Be7 7. O-O O-O 8. d4
b6 9. Nc3 Bb7 10. Rc1 Rc8 11. Qd3 c5 12. cxd5 exd5 13. Rfd1 Re8 14. e3 Bf8 15.
Ne2 Bd6 16. Nf4 Qe7 17. dxc5 Nxc5 18. Qf5 Nce4 19. Bxf6 Nxf6 20. Nd4 Rc5 21.
Qb1 g6 22. Nd3 Rxc1 23. Rxc1 Qd7 24. Nf4 Rc8 25. Bh3 Rxc1+ 26. Qxc1 Qc7 27.
Qxc7 Bxc7 28. Bf1 Bxf4 29. gxf4 Kf8 30. f3 a6 31. Kf2 Ke7 32. Ke2 Kd6 33. Kd3
Nd7 34. b4 f5 35. Kc3 b5 36. Nb3 Nb6 37. Nc5 Bc8 38. Kd4 Nd7 39. e4 dxe4 40.
fxe4 fxe4 41. Nxe4+ Ke7 42. Bh3 h6 43. Bxd7 Kxd7 44. Ke5 Kc6 45. h4 Bg4 46. Nf6
h5 47. Ng8 Kd7 48. Kf6 Be6 49. Ne7 Bxa2 50. Nxg6 a5 51. bxa5 b4 52. Ne5+ Kc7
53. f5 Kb7 54. Nd3 b3 55. Nc5+ Kc6 56. Nxb3 Bxb3 57. Kg7 1-0

[Event "?"]
[Site "?"]
[Date "????.??.??"]
[Round "?"]
[White "Finnlaugsson, G."]
[Black "Bonner, G."]
[Result "1/2-1/2"]
[WhiteElo "2121"]
[BlackElo "2179"]
[Annotator "058"]
[PlyCount "45"]
[EventDate "2010.??.??"]
[WhiteTeam "KR Reykjavik"]
[BlackTeam "Schottland 1"]

1. e4 e6 2. d4 d5 3. Nc3 Nc6 4. e5 Bb4 5. a3 Be7 6. f4 Nh6 7. Nf3 Nf5 8. g3 b6
9. b4 a6 10. Bh3 h5 11. Qd3 g6 12. Bd2 Nb8 13. Ne2 c5 14. bxc5 bxc5 15. Bxf5
gxf5 16. dxc5 Bxc5 17. Ned4 Qb6 18. O-O Nc6 19. Be3 Bd7 20. Rfb1 Qa7 21. Kh1
Na5 22. a4 Nc4 23. Bg1 1/2-1/2

[Event "?"]
[Site "?"]
[Date "????.??.??"]
[Round "?"]
[White "White, A."]
[Black "Gunnarsson, M."]
[Result "1/2-1/2"]
[WhiteElo "2123"]
[BlackElo "2107"]
[Annotator "059"]
[PlyCount "58"]
[EventDate "2010.??.??"]
[WhiteTeam "Schottland 1"]
[BlackTeam "KR Reykjavik"]

1. e4 e5 2. Bc4 Nc6 3. Nc3 Bc5 4. Qg4 Kf8 5. Qd1 d6 6. Nf3 Bg4 7. h3 Bh5 8. Na4
Nf6 9. Nxc5 dxc5 10. d3 Qd6 11. g4 Bg6 12. Bd2 Nd7 13. Bb5 Nd4 14. Bxd7 Nxf3+
15. Qxf3 Qxd7 16. Qg3 f6 17. f4 Re8 18. fxe5 Rxe5 19. Bc3 Re7 20. O-O Ke8 21.
e5 fxe5 22. Bxe5 Kd8 23. Rae1 Rhe8 24. Bc3 Rxe1 25. Rxe1 Rxe1+ 26. Qxe1 c4 27.
dxc4 Bxc2 28. Qf2 Qd1+ 29. Kh2 Qd6+ 1/2-1/2

[Event "?"]
[Site "?"]
[Date "????.??.??"]
[Round "?"]
[White "Jonsson, I."]
[Black "Borwell, A."]
[Result "1/2-1/2"]
[WhiteElo "1915"]
[BlackElo "2018"]
[Annotator "060"]
[PlyCount "51"]
[EventDate "2010.??.??"]
[WhiteTeam "KR Reykjavik"]
[BlackTeam "Schottland 1"]

1. e4 c5 2. Nf3 a6 3. c4 Nc6 4. Nc3 Nd4 5. b3 g6 6. Nxd4 cxd4 7. Ne2 Bg7 8. Bb2
e5 9. Ng3 d6 10. Be2 Ne7 11. O-O O-O 12. Rc1 b6 13. b4 a5 14. a3 f5 15. f3 Be6
16. Bd3 f4 17. Ne2 axb4 18. axb4 Nc6 19. Qb3 Qd7 20. Ba3 b5 21. Qb2 bxc4 22.
Bxc4 Bxc4 23. Rxc4 Na7 24. Qb3 Qf7 25. Rfc1 Nb5 26. Bb2 1/2-1/2

[Event "?"]
[Site "?"]
[Date "????.??.??"]
[Round "?"]
[White "Limberg, S."]
[Black "Versteeg, C."]
[Result "1-0"]
[WhiteElo "2152"]
[BlackElo "2052"]
[Annotator "062"]
[PlyCount "93"]
[EventDate "2010.??.??"]
[WhiteTeam "Hessen 2"]
[BlackTeam "Oranjeteam 2"]

1. d4 Nf6 2. Nf3 g6 3. Bg5 Bg7 4. Nbd2 d5 5. e3 O-O 6. Bd3 b6 7. c3 Bb7 8. h3
Nbd7 9. Qc2 c5 10. O-O Rc8 11. Qb1 Re8 12. Ne5 Ne4 13. Nxe4 Nxe5 14. dxe5 dxe4
15. Bxe4 Ba6 16. Rd1 Qc7 17. f4 f6 18. exf6 exf6 19. Bh4 g5 20. fxg5 Qe5 21.
Bxh7+ Kh8 22. gxf6 Bxf6 23. Bxf6+ Qxf6 24. Bf5 Rc7 25. e4 Rg7 26. Rd2 Reg8 27.
Qe1 Qh6 28. Rad1 Rg3 29. Bg4 Re3 30. Qf2 Rxe4 31. Rd6 Qe3 32. Qxe3 Rxe3 33. Rd8
Rge8 34. Rxe8+ Rxe8 35. Rd7 Bc8 36. Rxa7 Bxg4 37. hxg4 Re2 38. b3 c4 39. Kh2
Rc2 40. bxc4 Rxc3 41. g3 Rxc4 42. Kh3 b5 43. g5 Ra4 44. Rxa4 bxa4 45. Kg4 Kg7
46. Kf5 a3 47. g6 1-0

[Event "?"]
[Site "?"]
[Date "????.??.??"]
[Round "?"]
[White "Westerman, H."]
[Black "Thieme, H."]
[Result "1/2-1/2"]
[WhiteElo "1909"]
[BlackElo "2128"]
[Annotator "063"]
[PlyCount "86"]
[EventDate "2010.??.??"]
[WhiteTeam "Oranjeteam 2"]
[BlackTeam "Hessen 2"]

1. c4 Nf6 2. g3 e6 3. Nf3 a6 4. Bg2 b5 5. d3 Bb7 6. O-O Be7 7. b3 d6 8. Bb2 c5
9. e3 Nbd7 10. Qe2 O-O 11. Rd1 Qb6 12. Na3 Bc6 13. Rac1 Qb7 14. Ne1 Bxg2 15.
Nxg2 Rfe8 16. Ba1 d5 17. Nf4 Bd6 18. Nh5 Nxh5 19. Qxh5 Bf8 20. Qf3 Nb6 21. Rc2
b4 22. Nb1 a5 23. Nd2 a4 24. d4 Rec8 25. Rdc1 Ra5 26. cxd5 exd5 27. dxc5 Raxc5
28. Rxc5 Rxc5 29. Rxc5 Bxc5 30. bxa4 Nxa4 31. Nb3 h6 32. Qg4 Bf8 33. Qd4 Qc6
34. Qd2 Nb6 35. Nd4 Qc4 36. Nb3 Nc8 37. Nd4 Nd6 38. Qb2 Ne4 39. Nf5 Nc3 40. Nd4
Qc5 41. a3 Ne4 42. axb4 Qxb4 43. Qxb4 Bxb4 1/2-1/2

[Event "?"]
[Site "?"]
[Date "????.??.??"]
[Round "?"]
[White "Biller, H."]
[Black "Mascini, J."]
[Result "1/2-1/2"]
[WhiteElo "2158"]
[BlackElo "1894"]
[Annotator "064"]
[PlyCount "38"]
[EventDate "2010.??.??"]
[WhiteTeam "Hessen 2"]
[BlackTeam "Oranjeteam 2"]

1. d4 Nf6 2. c4 c5 3. d5 b5 4. cxb5 a6 5. bxa6 g6 6. Nc3 Bxa6 7. e4 Bxf1 8.
Kxf1 d6 9. Nf3 Nbd7 10. h3 Bg7 11. Kg1 O-O 12. Kh2 Qa5 13. Re1 Rfb8 14. Qc2 Ne8
15. Bd2 Nc7 16. Reb1 Qa6 17. Kg1 Nb6 18. Nd1 Qc4 19. Bc3 Rxa2 1/2-1/2

[Event "?"]
[Site "?"]
[Date "????.??.??"]
[Round "?"]
[White "Bondick, K."]
[Black "James, G."]
[Result "1/2-1/2"]
[WhiteElo "2167"]
[BlackElo "2203"]
[Annotator "065"]
[PlyCount "42"]
[EventDate "2010.??.??"]
[WhiteTeam "Ottonen Magdeburg"]
[BlackTeam "England 1"]

1. d4 Nf6 2. f3 d5 3. e4 dxe4 4. Nc3 e3 5. f4 Ng4 6. Nh3 g6 7. Bc4 Bg7 8. Ne2
e5 9. O-O exd4 10. c3 O-O 11. Nxd4 c5 12. Nf3 Qe7 13. Qe2 Nc6 14. Nhg5 h6 15.
Nxf7 Rxf7 16. h3 Nf6 17. Bxf7+ Kxf7 18. Bxe3 b6 19. Rae1 Kg8 20. Nh4 Qf7 21. g4
Be6 1/2-1/2

[Event "?"]
[Site "?"]
[Date "????.??.??"]
[Round "?"]
[White "Macdonald-Ross, M."]
[Black "Werchan, H."]
[Result "0-1"]
[WhiteElo "2176"]
[BlackElo "2149"]
[Annotator "066"]
[PlyCount "80"]
[EventDate "2010.??.??"]
[WhiteTeam "England 1"]
[BlackTeam "Ottonen Magdeburg"]

1. d4 Nf6 2. c4 g6 3. g3 Bg7 4. Bg2 O-O 5. Nc3 d6 6. Nf3 Nc6 7. d5 Na5 8. Nd2
c5 9. Qc2 a6 10. b3 Rb8 11. Bb2 b5 12. Rb1 e5 13. dxe6 fxe6 14. cxb5 axb5 15.
Nce4 Bb7 16. O-O Nc6 17. Rbe1 Qe7 18. Nxf6+ Bxf6 19. Bxf6 Qxf6 20. Ne4 Qe7 21.
h4 Nd4 22. Qd1 b4 23. e3 Nb5 24. Qg4 Bxe4 25. Bxe4 Kg7 26. f4 d5 27. Bd3 Nd6
28. h5 Qf6 29. Rf2 Nf5 30. e4 Qc3 31. Qd1 Nxg3 32. exd5 Nxh5 33. f5 exf5 34. d6
Rbe8 35. Re7+ Rxe7 36. dxe7 Re8 37. Rxf5 gxf5 38. Qxh5 Qe1+ 39. Kg2 Qxe7 40.
Qxf5 Kh8 0-1

[Event "?"]
[Site "?"]
[Date "????.??.??"]
[Round "?"]
[White "Andreas, G."]
[Black "Norman, K."]
[Result "0-1"]
[WhiteElo "1990"]
[BlackElo "2172"]
[Annotator "067"]
[PlyCount "114"]
[EventDate "2010.??.??"]
[WhiteTeam "Ottonen Magdeburg"]
[BlackTeam "England 1"]

1. e4 e5 2. Nf3 Nc6 3. Bc4 Bc5 4. d3 Nf6 5. O-O d6 6. c3 a6 7. Bg5 h6 8. Bh4
O-O 9. d4 Ba7 10. Re1 Bg4 11. d5 Nb8 12. h3 Bxf3 13. Qxf3 g5 14. Bg3 Nbd7 15.
Nd2 Ne8 16. h4 Ng7 17. Bd3 gxh4 18. Bh2 Qg5 19. Re2 Nf6 20. Qh3 Ng4 21. Rf1 f5
22. Kh1 fxe4 23. Nxe4 Qh5 24. Bg1 Nf6 25. Nxf6+ Rxf6 26. Re4 Rf4 27. Rxf4 exf4
28. Bc2 Rf8 29. Re1 f3 30. Re4 fxg2+ 31. Qxg2 h3 32. Qg3 h2 33. Qxh2 Qxh2+ 34.
Kxh2 Bxf2 35. Re7 Bxg1+ 36. Kxg1 Rf7 37. Re2 Kf8 38. Rh2 Rf6 39. Re2 Nh5 40. c4
Nf4 41. Rh2 a5 42. b3 b6 43. Bb1 Kg7 44. Bc2 h5 45. Rd2 Kh6 46. Kh2 h4 47. Bd1
Kg5 48. Rb2 Rf5 49. Rf2 Re5 50. Bf3 Re3 51. Bd1 Re1 52. Bc2 Re2 53. Rxe2 Nxe2
54. a3 Nd4 55. Bd1 Nf5 56. b4 Ne3 57. Ba4 Nxc4 0-1

[Event "?"]
[Site "?"]
[Date "????.??.??"]
[Round "?"]
[White "Wheeler, J."]
[Black "Graßmann, H."]
[Result "1-0"]
[WhiteElo "2129"]
[BlackElo "1964"]
[Annotator "068"]
[PlyCount "73"]
[EventDate "2010.??.??"]
[WhiteTeam "England 1"]
[BlackTeam "Ottonen Magdeburg"]

1. d4 Nf6 2. c4 e6 3. Nf3 d5 4. Nc3 Be7 5. Bg5 O-O 6. e3 h6 7. Bh4 b6 8. cxd5
Nxd5 9. Bxe7 Qxe7 10. Nxd5 exd5 11. Qd2 a5 12. Rc1 Be6 13. Bd3 c5 14. O-O Nd7
15. Bb1 Rfc8 16. Rfe1 Bg4 17. dxc5 Bxf3 18. gxf3 Qg5+ 19. Kh1 Qh5 20. Qd1 bxc5
21. Rg1 Nf6 22. Rg3 Qe5 23. Qd2 Rab8 24. b3 Nh5 25. Rg2 d4 26. f4 Qf6 27. Qe2
Qh4 28. Rcg1 Re8 29. Rg4 Qh3 30. Bf5 Kf8 31. Rg5 Nxf4 32. Qd1 hxg5 33. Bxh3
Nxh3 34. Rf1 Rbd8 35. Qf3 Nxf2+ 36. Qxf2 dxe3 37. Qxf7# 1-0

[Event "?"]
[Site "?"]
[Date "????.??.??"]
[Round "?"]
[White "Krieger, H."]
[Black "Nordby, B."]
[Result "1/2-1/2"]
[WhiteElo "2257"]
[BlackElo "2128"]
[Annotator "069"]
[PlyCount "36"]
[EventDate "2010.??.??"]
[WhiteTeam "Pfalz"]
[BlackTeam "Norwegen Ost"]

1. e4 e6 2. d4 d5 3. Nd2 Nf6 4. e5 Nfd7 5. f4 c5 6. c3 Nc6 7. Ndf3 cxd4 8. cxd4
Nb6 9. Bd3 Bd7 10. Ne2 a5 11. O-O Be7 12. Nc3 a4 13. Qe2 Nb4 14. Bb5 g6 15. a3
Bxb5 16. Nxb5 Nc6 17. Be3 Nc4 18. Bf2 N6a5 1/2-1/2

[Event "?"]
[Site "?"]
[Date "????.??.??"]
[Round "?"]
[White "Jenkins, T."]
[Black "Kelchner, H."]
[Result "0-1"]
[WhiteElo "1969"]
[BlackElo "2193"]
[Annotator "070"]
[PlyCount "65"]
[EventDate "2010.??.??"]
[WhiteTeam "Norwegen Ost"]
[BlackTeam "Pfalz"]

1. e4 e5 2. Nf3 d6 3. d4 exd4 4. Nxd4 Nf6 5. Nc3 Be7 6. Be2 O-O 7. O-O Re8 8.
Kh1 c5 9. Nb3 Nc6 10. Be3 Bf8 11. Bg5 Be6 12. Nd5 a6 13. Bxf6 gxf6 14. c4 f5
15. Bd3 fxe4 16. Bxe4 f5 17. Bf3 Ne5 18. Bh5 Ng6 19. Nc1 Bg7 20. Nd3 Bxd5 21.
cxd5 Qg5 22. f4 Qf6 23. Re1 Qd4 24. Bxg6 hxg6 25. Re6 Rxe6 26. dxe6 Qe4 27.
Nxc5 dxc5 28. Qd7 Qc6 29. Qf7+ Kh7 30. Rd1 Qe8 31. Qxb7 Rb8 32. Qc7 Rxb2 33.
Re1 0-1

[Event "?"]
[Site "?"]
[Date "????.??.??"]
[Round "?"]
[White "Nilsen, K."]
[Black "Betz, E."]
[Result "0-1"]
[WhiteElo "1864"]
[BlackElo "2011"]
[Annotator "072"]
[PlyCount "78"]
[EventDate "2010.??.??"]
[WhiteTeam "Norwegen Ost"]
[BlackTeam "Pfalz"]

1. e4 c5 2. Nf3 Nc6 3. d4 cxd4 4. Nxd4 g6 5. Nc3 Bg7 6. Be3 Nf6 7. Be2 O-O 8.
O-O d6 9. Qd2 Ng4 10. Bxg4 Bxg4 11. h3 Bd7 12. Rad1 a6 13. f4 Nxd4 14. Bxd4 Bc6
15. Bxg7 Kxg7 16. Qd4+ f6 17. g4 Qa5 18. f5 g5 19. a4 Rad8 20. b4 Qc7 21. b5
axb5 22. axb5 Be8 23. b6 Qc6 24. Rd2 Bf7 25. Nd5 Rd7 26. Rf3 Ra8 27. Rfd3 Ra4
28. Qe3 h5 29. Rc3 Ra1+ 30. Kf2 Qb5 31. Kf3 Qf1+ 32. Qf2 Qxh3+ 33. Ke2 Qxg4+
34. Kd3 Bxd5 35. exd5 Ra4 36. Re2 Rf4 37. Qxf4 Qxf4 38. Rc7 Qxf5+ 39. Ke3 Kf7
0-1

[Event "?"]
[Site "?"]
[Date "????.??.??"]
[Round "?"]
[White "Siegmund, R."]
[Black "Müller, L."]
[Result "1/2-1/2"]
[WhiteElo "2134"]
[BlackElo "2082"]
[Annotator "074"]
[PlyCount "33"]
[EventDate "2010.??.??"]
[WhiteTeam "Stiftg BSW/DBAG 1"]
[BlackTeam "Rheno Palatinat"]

1. d4 d5 2. c4 dxc4 3. Nf3 Nf6 4. e3 e6 5. Bxc4 Bd6 6. Nc3 Nc6 7. O-O O-O 8. e4
e5 9. d5 Ne7 10. Re1 Ng6 11. Bf1 Qe7 12. Nd2 Ng4 13. Nf3 Bc5 14. Re2 Bd7 15. h3
Nf6 16. Be3 Bxe3 17. Rxe3 1/2-1/2

[Event "?"]
[Site "?"]
[Date "????.??.??"]
[Round "?"]
[White "Schwertel, J."]
[Black "Fleuch, H."]
[Result "1/2-1/2"]
[WhiteElo "1990"]
[BlackElo "2121"]
[Annotator "075"]
[PlyCount "45"]
[EventDate "2010.??.??"]
[WhiteTeam "Rheno Palatinat"]
[BlackTeam "Stiftg BSW/DBAG 1"]

1. d4 Nc6 2. Nf3 d5 3. c3 Bg4 4. Bf4 e6 5. Nbd2 Bd6 6. Bg3 Nge7 7. e3 Ng6 8.
Be2 O-O 9. O-O e5 10. dxe5 Ncxe5 11. Nxe5 Bxe2 12. Qxe2 Bxe5 13. Nf3 Bxg3 14.
hxg3 Qf6 15. Rad1 c6 16. Rd4 Rfe8 17. Rfd1 b5 18. Qc2 Ne5 19. Rf4 Qg6 20. Qe2
Nxf3+ 21. gxf3 Re5 22. Kg2 Rh5 23. Rh1 1/2-1/2

[Event "?"]
[Site "?"]
[Date "????.??.??"]
[Round "?"]
[White "Just, J."]
[Black "Denda, R."]
[Result "1/2-1/2"]
[WhiteElo "2029"]
[BlackElo "2043"]
[Annotator "076"]
[PlyCount "33"]
[EventDate "2010.??.??"]
[WhiteTeam "Stiftg BSW/DBAG 1"]
[BlackTeam "Rheno Palatinat"]

1. c4 e6 2. g3 d5 3. Bg2 c6 4. Qc2 Nf6 5. Nf3 Nbd7 6. d4 Bd6 7. O-O O-O 8. Bf4
Qc7 9. Bxd6 Qxd6 10. Nbd2 b6 11. Rfe1 Bb7 12. e4 dxe4 13. Nxe4 Nxe4 14. Qxe4
Nf6 15. Qe5 Rfd8 16. Rad1 Rac8 17. Ng5 1/2-1/2

[Event "?"]
[Site "?"]
[Date "????.??.??"]
[Round "?"]
[White "Nettesheim, K.W."]
[Black "Rychlik, K."]
[Result "0-1"]
[WhiteElo "1920"]
[BlackElo "2075"]
[Annotator "079"]
[PlyCount "86"]
[EventDate "2010.??.??"]
[WhiteTeam "Stiftg BSW/DBAG 3"]
[BlackTeam "Widukind 1"]

1. e4 c5 2. c3 Nf6 3. e5 Nd5 4. d4 e6 5. Nf3 Nb6 6. dxc5 Bxc5 7. Bd3 Nc6 8. O-O
d5 9. exd6 Bxd6 10. Qe2 Nd5 11. g3 h6 12. Nbd2 O-O 13. Nc4 Bc7 14. Ne3 Nf6 15.
Rd1 Qe7 16. b3 b6 17. Nc4 Rd8 18. Ba3 Qe8 19. Nce5 Nxe5 20. Nxe5 Rd5 21. Ng4
Nxg4 22. Qxg4 Bb7 23. Qe2 Rad8 24. f3 Be5 25. Bb2 Qd7 26. Bc2 Qc7 27. Rxd5 Bxd5
28. Rd1 g6 29. Be4 Bxe4 30. Rxd8+ Qxd8 31. Qxe4 Qd1+ 32. Kf2 Qd2+ 33. Qe2 Bxc3
34. Bxc3 Qxc3 35. g4 Kg7 36. Kg2 e5 37. h3 f5 38. gxf5 gxf5 39. Qb5 Qd2+ 40.
Kg3 f4+ 41. Kh4 Qf2+ 42. Kg4 Qg3+ 43. Kf5 Qg6+ 0-1

[Event "?"]
[Site "?"]
[Date "????.??.??"]
[Round "?"]
[White "Völpel, G."]
[Black "Mai, H."]
[Result "1/2-1/2"]
[WhiteElo "2102"]
[BlackElo "1933"]
[Annotator "080"]
[PlyCount "62"]
[EventDate "2010.??.??"]
[WhiteTeam "Widukind 1"]
[BlackTeam "Stiftg BSW/DBAG 3"]

1. e4 d5 2. exd5 Qxd5 3. Nc3 Qa5 4. Nf3 c6 5. h3 Bf5 6. Bc4 e6 7. O-O Nf6 8.
Re1 Nbd7 9. d4 Be7 10. Bf4 O-O 11. Qe2 Rfe8 12. a3 Nd5 13. Bd2 Nxc3 14. Bxc3
Qc7 15. Bd3 Bxd3 16. Qxd3 Rad8 17. Rad1 Bf6 18. Qe3 Qc8 19. Ne5 Nb6 20. Qe4
Bxe5 21. dxe5 Rxd1 22. Rxd1 Rd8 23. Re1 Rd5 24. Re3 Rd1+ 25. Kh2 Nd5 26. Rg3
Nxc3 27. Rxc3 Qd7 28. Qe3 Qd4 29. Qxd4 Rxd4 30. Kg3 Kf8 31. Kf3 Ke7 1/2-1/2

[Event "?"]
[Site "?"]
[Date "????.??.??"]
[Round "?"]
[White "Stuerzenbaum, A."]
[Black "Böttcher, U."]
[Result "1/2-1/2"]
[WhiteElo "2192"]
[BlackElo "2063"]
[Annotator "082"]
[PlyCount "33"]
[EventDate "2010.??.??"]
[WhiteTeam "Wien 2"]
[BlackTeam "Schleswig-Holstein"]

1. e4 c5 2. Nf3 d6 3. d4 cxd4 4. Nxd4 Nf6 5. Nc3 g6 6. Be3 Bg7 7. f3 Nc6 8. Qd2
O-O 9. O-O-O Nxd4 10. Bxd4 Be6 11. Kb1 Qc7 12. g4 Rfc8 13. h4 Qa5 14. Nd5 Qxd2
15. Nxf6+ Bxf6 16. Rxd2 Bxd4 17. Rxd4 1/2-1/2

[Event "?"]
[Site "?"]
[Date "????.??.??"]
[Round "?"]
[White "Titz, H."]
[Black "Meiwald, G."]
[Result "1/2-1/2"]
[WhiteElo "2041"]
[BlackElo "2055"]
[Annotator "084"]
[PlyCount "32"]
[EventDate "2010.??.??"]
[WhiteTeam "Wien 2"]
[BlackTeam "Schleswig-Holstein"]

1. e4 c6 2. Nc3 d5 3. exd5 cxd5 4. Nf3 Nc6 5. d4 Nf6 6. Be2 g6 7. O-O Bg7 8.
Bf4 O-O 9. h3 Bf5 10. Bd3 Bxd3 11. Qxd3 e6 12. Nd1 Rc8 13. c3 Ne4 14. Nd2 Nxd2
15. Qxd2 Na5 16. Bh6 Nc4 1/2-1/2

[Event "?"]
[Site "?"]
[Date "????.??.??"]
[Round "?"]
[White "Saharinen, P."]
[Black "Rost van Tonningen, O."]
[Result "1/2-1/2"]
[WhiteElo "1857"]
[BlackElo "2058"]
[Annotator "088"]
[PlyCount "117"]
[EventDate "2010.??.??"]
[WhiteTeam "Helsinki"]
[BlackTeam "Oranjeteam 1"]

1. d4 Nf6 2. c4 c5 3. d5 b5 4. cxb5 a6 5. b6 Qxb6 6. Nc3 d6 7. e4 Nbd7 8. Nf3
g6 9. Be2 Bg7 10. O-O O-O 11. Rb1 Rb8 12. Bf4 Ng4 13. h3 Nge5 14. Nxe5 Nxe5 15.
Bg5 Re8 16. f4 c4+ 17. Kh1 Nd3 18. Bxd3 cxd3 19. Qxd3 a5 20. Qd2 f5 21. b3 Qb4
22. Rbc1 Ba6 23. Rfe1 fxe4 24. Nxe4 Rbc8 25. Rxc8 Rxc8 26. Qxb4 axb4 27. Bxe7
Rc2 28. Bxd6 Rxa2 29. Bxb4 Bb7 30. d6 Bc6 31. Nd2 Bf6 32. Nf3 Bxf3 33. gxf3 Kf7
34. Bc5 Rb2 35. b4 Rc2 36. Rd1 Bd8 37. Ra1 Ke6 38. Ra8 Bf6 39. Re8+ Kd7 40. Re4
Bd8 41. Kg1 Bf6 42. Bd4 Bd8 43. Be5 Bb6+ 44. Bd4 Bd8 45. Bc5 Bf6 46. Re1 Rc4
47. Rd1 Rc2 48. Bf2 Rc4 49. b5 Rxf4 50. Kg2 Rb4 51. b6 Rb2 52. Kg3 Be5+ 53. f4
Bxf4+ 54. Kxf4 Rxf2+ 55. Kg5 Rb2 56. Kh6 Rxb6 57. Kxh7 Rb3 58. h4 Rh3 59. Kxg6
1/2-1/2

[Event "?"]
[Site "?"]
[Date "????.??.??"]
[Round "?"]
[White "Rasmussen, L."]
[Black "Palmo, P."]
[Result "1-0"]
[WhiteElo "2065"]
[BlackElo "2080"]
[Annotator "089"]
[PlyCount "115"]
[EventDate "2010.??.??"]
[WhiteTeam "Luxemburg"]
[BlackTeam "Turku"]
[WhiteTeamCountry "LUX"]

1. d4 e6 2. g3 d5 3. Bg2 c6 4. Nf3 f5 5. O-O Nf6 6. b3 Bd6 7. c4 Qe7 8. e3 O-O
9. Bb2 Bd7 10. c5 Bc7 11. b4 a5 12. a3 Na6 13. Bc3 Nb8 14. Nbd2 Ne4 15. Qc2 Bc8
16. Rfd1 Nd7 17. Bb2 e5 18. Re1 Qe6 19. Nf1 f4 20. exf4 exf4 21. Ng5 Qg4 22.
Nxe4 f3 23. Bh1 dxe4 24. Qxe4 Nf6 25. Qxf3 Qg6 26. Qb3+ Kh8 27. b5 a4 28. Qc4
Bf5 29. b6 Bd8 30. Bc1 Bd3 31. Qa2 Ne4 32. Be3 Nc3 33. Qd2 Nb5 34. Qb4 Bf6 35.
Nd2 Rfd8 36. Nf3 Be4 37. Rad1 Bc2 38. Rd2 Bb3 39. Ne5 Bxe5 40. dxe5 Rxd2 41.
Bxd2 Re8 42. Bc1 Qe6 43. Bg2 Rd8 44. Bb2 Qf5 45. Be4 Qf7 46. f4 Qh5 47. h4 Qg4
48. Kf2 Bd5 49. Qd2 Qh3 50. Rh1 Qc8 51. Bxd5 Rxd5 52. Qe3 Qd8 53. Re1 Qe7 54.
Rc1 Qe6 55. Kg2 Kg8 56. Rc2 Rd1 57. Qf3 Qf5 58. Qxd1 1-0

[Event "?"]
[Site "?"]
[Date "????.??.??"]
[Round "?"]
[White "Alkkiomaki, J."]
[Black "Stull, N."]
[Result "0-1"]
[WhiteElo "2041"]
[BlackElo "2172"]
[Annotator "090"]
[PlyCount "84"]
[EventDate "2010.??.??"]
[WhiteTeam "Turku"]
[BlackTeam "Luxemburg"]
[BlackTeamCountry "LUX"]

1. e4 Nf6 2. e5 Nd5 3. d4 d6 4. Nf3 dxe5 5. Nxe5 c6 6. Bd3 Nd7 7. Nxd7 Bxd7 8.
O-O g6 9. Bd2 Bg7 10. c4 Nc7 11. Bc3 O-O 12. Nd2 Ne6 13. Nf3 Nf4 14. Bc2 Bg4
15. Re1 Ne6 16. d5 Bxc3 17. bxc3 cxd5 18. Qxd5 Bxf3 19. Qxf3 Qc7 20. Bb3 Nc5
21. Qe3 e6 22. Rad1 Rad8 23. h4 b6 24. h5 Rxd1 25. Bxd1 Rd8 26. Bc2 Qe7 27. Rd1
Rxd1+ 28. Bxd1 Qf6 29. Bc2 Qh4 30. hxg6 hxg6 31. Qe5 Qd8 32. Qe3 Qf6 33. Kf1
Qh4 34. f4 Qh1+ 35. Qg1 Qh6 36. Qe3 Qh4 37. Kg1 Qd8 38. Kf1 Qc8 39. Qe5 Qa6 40.
Qb8+ Kh7 41. Qf8 Qxc4+ 42. Kg1 Qxf4 0-1

[Event "?"]
[Site "?"]
[Date "????.??.??"]
[Round "?"]
[White "Feller, J."]
[Black "Lehtosaari, K."]
[Result "1/2-1/2"]
[WhiteElo "2212"]
[BlackElo "2029"]
[Annotator "091"]
[PlyCount "97"]
[EventDate "2010.??.??"]
[WhiteTeam "Luxemburg"]
[BlackTeam "Turku"]
[WhiteTeamCountry "LUX"]

1. e4 e5 2. Nf3 Nf6 3. d4 Nxe4 4. Bd3 d5 5. Nxe5 Bd6 6. O-O O-O 7. Nc3 Bxe5 8.
dxe5 f5 9. exf6 Nxf6 10. Bg5 c6 11. Re1 Nbd7 12. Qe2 Nc5 13. Rad1 Nxd3 14. Qxd3
Bg4 15. f3 Bh5 16. Qe3 Qa5 17. Qd4 Qb6 18. Qxb6 axb6 19. a3 Bg6 20. Rd2 Kf7 21.
Kf2 Rfe8 22. Bxf6 Kxf6 23. Rxe8 Bxe8 24. Ne2 Bg6 25. Nf4 Bf7 26. h4 h6 27. c3
g5 28. hxg5+ hxg5 29. Ne2 Rh8 30. Rd1 Bg6 31. Ng3 Re8 32. Rh1 Rd8 33. Rd1 Re8
34. Rd2 Re7 35. Re2 Rd7 36. Rd2 Re7 37. Ne2 Rh7 38. Kg1 Re7 39. g3 g4 40. fxg4
Kg5 41. Nf4 Be4 42. Rh2 Kxg4 43. Kf2 Kf5 44. Rh5+ Kg4 45. Rh4+ Kg5 46. Rh8 Kf5
47. Ne2 Kg4 48. Rg8+ Kf5 49. Rh8 1/2-1/2

[Event "?"]
[Site "?"]
[Date "????.??.??"]
[Round "?"]
[White "Olesen, P."]
[Black "Carlsten, P."]
[Result "1-0"]
[WhiteElo "2082"]
[BlackElo "2133"]
[Annotator "093"]
[PlyCount "63"]
[EventDate "2010.??.??"]
[WhiteTeam "Dänemark 2"]
[BlackTeam "Schweden 2"]

1. e4 c5 2. Nf3 g6 3. d4 cxd4 4. Nxd4 Bg7 5. Nc3 Nc6 6. Be3 Nf6 7. Nb3 O-O 8.
Be2 d6 9. O-O Be6 10. f4 Qc8 11. h3 Rd8 12. Qe1 a5 13. a4 Nb4 14. Qd2 d5 15.
Bb6 Rd6 16. Bc5 Rc6 17. e5 Ne4 18. Nxe4 dxe4 19. Bxb4 Rxc2 20. Rfc1 Rxd2 21.
Rxc8+ Rd8 22. Rxa8 Rxa8 23. Nxa5 f6 24. Nc4 b5 25. Nb6 Rb8 26. a5 fxe5 27. fxe5
Bxe5 28. Bc3 Bd6 29. Bxb5 Bc5+ 30. Kh1 Bxb6 31. axb6 Rxb6 32. Ra6 1-0

[Event "?"]
[Site "?"]
[Date "????.??.??"]
[Round "?"]
[White "Dürrfeld, P."]
[Black "Wademark, H."]
[Result "0-1"]
[WhiteElo "1946"]
[BlackElo "2083"]
[Annotator "095"]
[PlyCount "56"]
[EventDate "2010.??.??"]
[WhiteTeam "Dänemark 2"]
[BlackTeam "Schweden 2"]

1. Nf3 d5 2. g3 c6 3. Bg2 Bf5 4. d3 Nd7 5. O-O e5 6. Nbd2 Ngf6 7. Re1 Be7 8. e4
dxe4 9. Nxe4 O-O 10. Bd2 Qc7 11. Bc3 Nd5 12. Qd2 Rfe8 13. Ba5 b6 14. Bc3 Bg6
15. a3 h6 16. Qe2 f5 17. Ned2 Nxc3 18. bxc3 Bf6 19. Nh4 Bxh4 20. gxh4 Nf6 21.
Nc4 e4 22. f3 exd3 23. Qxd3 Nd5 24. Qd4 Rad8 25. h5 Bxh5 26. Qf2 Qf4 27. Qg3
Qxc4 28. Rxe8+ Rxe8 0-1

[Event "?"]
[Site "?"]
[Date "????.??.??"]
[Round "?"]
[White "Andersson, S."]
[Black "Poulsen, H."]
[Result "1-0"]
[WhiteElo "2068"]
[BlackElo "1891"]
[Annotator "096"]
[PlyCount "75"]
[EventDate "2010.??.??"]
[WhiteTeam "Schweden 2"]
[BlackTeam "Dänemark 2"]

1. d4 e6 2. Nf3 d5 3. g3 Nf6 4. Bg2 b6 5. O-O c5 6. c4 Bb7 7. cxd5 Nxd5 8. Ne5
cxd4 9. Qxd4 f6 10. Nd3 Qc7 11. e4 e5 12. Qa4+ Bc6 13. Qb3 Ne7 14. Nc3 Nd7 15.
Be3 Rc8 16. Rfd1 Qb7 17. Qe6 Nc5 18. Nxc5 bxc5 19. Bh3 Rd8 20. Rxd8+ Kxd8 21.
Rd1+ Kc7 22. Bxc5 Nc8 23. Qf7+ Kb8 24. Qxb7+ Kxb7 25. Rd8 Bxc5 26. Rxh8 Nd6 27.
Rxh7 Bd4 28. Rxg7+ Kb6 29. Be6 Bxe4 30. h4 f5 31. h5 f4 32. Rd7 Bxc3 33. bxc3
Kc6 34. Rxa7 fxg3 35. fxg3 Nb5 36. Ra6+ Kb7 37. Ra4 Kb6 38. Rxe4 1-0

[Event "?"]
[Site "?"]
[Date "????.??.??"]
[Round "?"]
[White "Niebuhr, G."]
[Black "Potthammel, J."]
[Result "1/2-1/2"]
[WhiteElo "2079"]
[BlackElo "2117"]
[Annotator "097"]
[PlyCount "25"]
[EventDate "2010.??.??"]
[WhiteTeam "FB Niedersachsen"]
[BlackTeam "Mecklenburg-Vorp.1"]

1. d4 f5 2. Nf3 Nf6 3. g3 b6 4. Bg2 Bb7 5. O-O e6 6. c4 Be7 7. Nc3 O-O 8. d5
Qc8 9. Nd4 c5 10. Nc2 Re8 11. e4 fxe4 12. Nxe4 exd5 13. Nxf6+ 1/2-1/2